00441nam a2200169Ia 450000500170000000800410001702000180005804000190007604100120009508200130010710000190012024500570013926000280019630000170022465000200024185000100026120240516105515.0131103s9999 xx 000 0 und d a0 33390 493 1 aLoreto College aEnglish a428bVEL aVelayudhan, S. aMacmillan English readersb book six cS. Velayudhan aMadrasbMacmillanc1988 a130p.b ill. aEnglish readers aLCBED